000 00595nam a22002297a 4500
003 UA-OsUOA
001 38860
007 ta
008 20080228b un ||||| |||| 00| 0 ukr d
100 _aKortschmaryk Bohdan F.
090 _a94(477).02
942 _cBR
040 _aUA-OsUOA
_beng
_cUA-OsUOA
_dUA-OsUOA
245 _aIt was Ruse-Ukraine and not Russia which was christianized in 988
300 _a15 с.
955 _a1
041 _aeng
080 _a94(477).02
260 _aBaltimor
_c1988
650 7 _a9 Географія. Біографії. Історія
_2UDC
999 _c437370
_d437370